000 01146cam a2200229 4500
001 L127322
008 040910n2005 000 0 eng u
020 _a1876907177
035 _a(Sirsi) u127322
041 _aeng
050 _a621.31244
_c22
245 _aDesigning with solar power
_ba source book for building integrated photovoltaics (BiPV)
260 _aLondon
_bEarthscan
_c2005
300 _a252p.
_bill.
_c31cm.
350 _a39.95
520 _aThis book on designing with solar electric power in buildings is the result of international collaborative research carried out within the framework of the International Energy Agency's Photovoltaic Power Systems Programme. Chapters examine the basics of solar power and electrical concepts, how photovoltaics can be integrated into the design and creation of 21st century buildings, the potential for BiPV, and market deployment strategies. Also contains over 20 international BiPV case studies. Glossary and references.
590 _aIKA070605
690 _aBUILT ENVIRONMENT-CONSTRUCTION DESIGN
700 _aPrasad, Deo
_xEditor
700 _aSnow, Mark
_xEditor
942 _n0
999 _c103732
_d103732